La patria blanca /

Guardado en:
Autor Principal: Gonzalez, Joaquin V.
Formato: Libro
Publicado: Buenos Aires : Talleres Graficos Argentinos, 1931
Materias:
Etiquetas: Agregar Etiqueta
Sin Etiquetas, Sea el primero en etiquetar este registro!
LEADER 00518nam a22001695a 4500
001 EHU.bham024360
003 AR-BHAM
005 20130507143107.0
008 130507s1931##################000#0#####d
082 A 8 |a 868.4 
100 1 |a Gonzalez, Joaquin V. 
245 1 0 |a La patria blanca /  |c Joaquin V. Gonzalez 
260 |a Buenos Aires :  |b Talleres Graficos Argentinos,  |c 1931 
300 |a 194 p. 
653 |a Donacion lejarraga 
653 |a Literatura argentina 
859 |a AR-BHAM  |b BIB. HUMANIDADES - General  |h A868.4  |i G589-3  |k A  |p 125.02  |t Ej.1